000
00302nam a2200121 a 4500
001
5684
003
CDMR
005
20150715124303.0
008
130130s ||||||||||||||||||||||||||||d
040
_a
CDMR
_b
cat
_c
CPC GIRONA
245
0
_a
Cuaderno para la conjugación de los verbos franceses
942
_c
MON
_2
udc
999
_c
5684
_d
5684